MANAGING INSTITUTIONAL ARCHIVES: FOUNDATIONAL PRINCIPLES AND PRACTICES (Record no. 215966)
[ view plain ]
| 000 -LEADER | |
|---|---|
| fixed length control field | 00597nam a22001697a 4500 |
| 008 - FIXED-LENGTH DATA ELEMENTS--GENERAL INFORMATION | |
| fixed length control field | 250728b |||||||| |||| 00| 0 eng d |
| 020 ## - INTERNATIONAL STANDARD BOOK NUMBER | |
| International Standard Book Number | 0-313-27251-4 |
| 050 ## - LIBRARY OF CONGRESS CALL NUMBER | |
| Classification number | CD 950 .C69 1992 |
| 100 ## - MAIN ENTRY--PERSONAL NAME | |
| Personal name | COX, RICHARD J |
| 245 ## - TITLE STATEMENT | |
| Title | MANAGING INSTITUTIONAL ARCHIVES: FOUNDATIONAL PRINCIPLES AND PRACTICES |
| 260 ## - PUBLICATION, DISTRIBUTION, ETC. | |
| Place of publication, distribution, etc. | NEW YORK |
| Name of publisher, distributor, etc. | GREENWOOD PRESS, |
| Date of publication, distribution, etc. | 1992 |
| 300 ## - PHYSICAL DESCRIPTION | |
| Extent | XI, 306 P.: ILL. |
| 500 ## - GENERAL NOTE | |
| General note | INCLUDES BIBLIOGRAPHICAL REFERENCES AND INDEX |
| 650 ## - SUBJECT ADDED ENTRY | |
| Topical term or geographic name entry element | 1. ARCHIVES--ADMINISTRATION 2. ASSOCIATIONS, INSTITUTIONS, ETC.--ARCHIVES--ADMINISTRATION |
| 942 ## - ADDED ENTRY ELEMENTS (KOHA) | |
| Source of classification or shelving scheme | Library of Congress Classification |
| Koha item type | Long Loan Book |
| Withdrawn status | Lost status | Source of classification or shelving scheme | Damaged status | Not for loan | Collection | Home library | Current library | Shelving location | Date acquired | Inventory number | Total checkouts | Full call number | Barcode | Date last seen | Copy number | Price effective from | Koha item type |
|---|---|---|---|---|---|---|---|---|---|---|---|---|---|---|---|---|---|
| Library of Congress Classification | Arts & Social Sciences | Kisii University Library | Kisii University Library | On Display | 07/28/2025 | 109350 | CD 950 .C69 1992 | 000000024520 | 07/28/2025 | 1 | 07/28/2025 | Long Loan Book | |||||
| Library of Congress Classification | Arts & Social Sciences | Kisii University Library | Kisii University Library | On Display | 07/28/2025 | 109351 | CD 950 .C69 1992 | 000000024519 | 07/28/2025 | 2 | 07/28/2025 | Long Loan Book | |||||
| Library of Congress Classification | Arts & Social Sciences | Kisii University Library | Kisii University Library | On Display | 07/28/2025 | 109352 | CD 950 .C69 1992 | 000000024518 | 07/28/2025 | 3 | 07/28/2025 | Long Loan Book | |||||
| Library of Congress Classification | Arts & Social Sciences | Kisii University Library | Kisii University Library | On Display | 07/28/2025 | 109353 | CD 950 .C69 1992 | 000000024517 | 07/28/2025 | 4 | 07/28/2025 | Long Loan Book | |||||
| Library of Congress Classification | Arts & Social Sciences | Kisii University Library | Kisii University Library | On Display | 07/28/2025 | 109354 | CD 950 .C69 1992 | 000000024516 | 07/28/2025 | 5 | 07/28/2025 | Long Loan Book |